Dopady zavedenia eura v Spolkovej republike Nemecko diplomová práca
Saved in:
| Main Author: | |
|---|---|
| Corporate Author: | |
| Other Authors: | |
| Format: | Book |
| Language: | Slovak |
| Published: |
Bratislava
2018
|
| Tags: |
No Tags, Be the first to tag this record!
|
MARC
| LEADER | 00000nbm a2200000 4500 | ||
|---|---|---|---|
| 001 | 0244446 | ||
| 005 | 20180808084305.5 | ||
| 041 | 0 | |a slo | |
| 044 | |a SK | ||
| 245 | 1 | 0 | |a Dopady zavedenia eura v Spolkovej republike Nemecko |b diplomová práca |c Soňa Vavrová ; školiteľ: Eva Jančíková |
| 264 | 1 | |a Bratislava |c 2018 | |
| 300 | |a 75 s. | ||
| 100 | 1 | |a Vavrová, Soňa | |
| 700 | 1 | |a Jančíková, Eva, 1960- | |
| 710 | 2 | |a Fakulta medzinárodných vzťahov EU. Katedra medzinárodných ekonomických vzťahov a hospodárskej diplomacie | |